Vinculación del trabajo de extensión con el proceso educativo de la población campesina y su impacto en el desarrollo rural integral.

Sparad:
Bibliografiska uppgifter
Institutionellt upphov: Encuentro Nacional de Presidentes Municipales : Guanajuato, México memoria :
Övriga upphov: Casco Montoya, Rosario (autor) (autor)
Materialtyp: Konferenspublikation Bok
Språk:spanska
Ämnen:
Taggar: Lägg till en tagg
Inga taggar, Lägg till första taggen!

MARC

LEADER 00000cam^a2200000uu^4500
001 000469318
005 20250521000000.0
008 050901s1987^^^^^^^^^^^^r^^r^1000^0^spa^d
009 20260310124532.189
035 |a FCE 000012073 
035 |a FCE 009151 
037 |a Acervo ITESO - Biblioteca 
041 |a spa 
082 0 4 |a 374.012  |b INEmu 
111 |a Encuentro Nacional de Presidentes Municipales :  |c Guanajuato, México)  |d (28-31 ene. 1987 :  |e memoria : 
245 1 0 |a Vinculación del trabajo de extensión con el proceso educativo de la población campesina y su impacto en el desarrollo rural integral. 
264 |a México :  |b INEA : SEP,  |c 1987. 
300 |a pp. 203-209 
336 |a texto  |b txt  |2 rdacontenido 
337 |a sin mediación  |b n  |2 rdamedio 
338 |a volumen  |b nc  |2 rdasoporte 
649 |a XX 
650 |a Educación de adultos 
650 |a Desarrollo rural 
650 |a Educación rural 
650 |a Educación-producción 
650 |a Población rural 
650 |a Extensionismo 
650 |a Municipios 
700 |a Casco Montoya, Rosario  |e (autor) 
910 |a Fondo Centro de Estudios Educativos 
920 |a Impresos - Libros 
930 |a Fondos Especiales 
905 |a 133 
901 |a ALE009151  |b IT2  |c CEE  |u 20250521 
902 |a https://opac.biblio.iteso.mx/vufind/Record/000469318